Responses for Show #1695 - Friday, January 3, 1992

Contestants

[<< previous game]

Polly Morrice-Golvach, a freelance writer and editor from Houston, Texas

Eric Flaxman, a restaurateur from Conshohocken, Pennsylvania

Todd Lefkowitz, a physician from Scottsdale, Arizona (whose 2-day cash winnings total $8,799)

[next game >>]

Jeopardy! Round responses

TITLES
JOHN HUSTON
CHILDREN'S LITERATURE
HISTORY
COMMON BONDS
"YANKEE"s
    $100 9
a maharajah

Todd
    $100 26
Anjelica

Todd
    $100 14
Japan

Todd
    $100 4
Anne Boleyn

Polly
    $100 18
cheeses

Todd
    $100 1
Yankee go home

Todd
    $200 10
an archduke

Todd
    $200 27
The Treasure of the Sierra Madre

Todd
    $200 17
The Emperor's (New) Clothes

Eric
    $200 5
(Eric: Who is Leif Erikson?)

Eric the Red

EricPolly
    $200 19
Scotsmen

Polly
    $200 2
Yankee Doodle Dandy

Todd
    $500 11
emir

Todd
    $300 28
The Misfits

Todd
    $300 21
tailor

Polly
    $300 6
Krakatoa

Eric
    $300 20
Crawfords

Polly
    $300 3
A Connecticut Yankee in King Arthur's Court

Eric
    $400 15
a khan

Todd
    $400 29
Chinatown

Polly
    $400 22
(Polly: What is the fairy godmother?)
(Alex: The [*]. The godmother.)
[Shouting heard from offstage.]
(Alex: Nope, sorry.)
...
(Alex: The correct response, What is her [*]? You get to pick again, Polly.)

mother

Polly
Triple Stumper
    $400 7
the Shakers

Polly
    $400 24
(Eric: What are dances?)
(Polly: What are ballet moves or ballet steps?)
(Alex: Be a little more specific.)
(Polly: Ballet leaps.)
(Alex: No.)
...
(Alex: Polly, you get to pick again. We have less than a minute to go.)

ballet turns

EricPolly
Triple Stumper
    $400 12
Yankee pot roast

Eric
    $500 16
a burgermeister

Todd
    $500 30
Puerto Vallarta

Todd
    $500 23
(Claude) Monet

Polly
    $500 8
Bataan

Polly
    $500 25
(Alex: You are correct. Three of them.)

the muses

Todd
    $500 13
Damn Yankees

Todd

Scores at the first commercial break (after clue 11):

Todd Eric Polly
$1,100 $400 $1,200

Scores at the end of the Jeopardy! Round:

Todd Eric Polly
$4,300 $600 $2,100

Double Jeopardy! Round responses

COMPOSERS
U.S. GEOGRAPHY
FOREIGN WORDS & PHRASES
ARCHITECTURE
WORLD LEADERS
THE BIBLE
    $200 4
[Note: Most sources give the number as 19.]

Liszt

Polly
    $200 1
Washington, D.C.

Polly
    $200 6
que sera sera

Todd
    $200 21
iron

Todd
    $200 22
(Ferdinand) Marcos

Polly
    $200 2
Lebanon

Polly
    $400 7
Chopin

Todd
    $400 15
Orange

Eric
    $400 11
Erin go bragh

Polly
    $400 23
a facade

Eric
    $400 28
(Eric: Who is...?)

(Kurt) Waldheim

EricPolly
    $400 3
St. Luke

Todd
    $600 8
Richard Strauss

Todd
    $600 20
Yonkers

Polly
    $600 12
(Todd: What is quod erat demonstrandum?)

Eureka!

Todd
Triple Stumper
    $600 30
a buttress

Todd
    $600 26
(Alex: You are right, and we have less than a minute to go.)

Gorbachev

Polly
    $2,000 5
(Alex: Mentioned over 1,100 times.)

David

Polly
    $800 9
Brahms

Todd
    $1,000 16
(Eric: What is the Treasure Island Channel?)
...
(Alex: There's a famous bridge spanning it.)

the Golden Gate

Eric
    $800 13
kowtow

Polly
    $800 27
gothic

Todd
    $800 24
(Eric: Who is Duvalier?)
(Alex: Be more specific.)
(Eric: Who is [*]?)

"Baby Doc" Duvalier

Eric
    $800 18
Aaron

Todd
    $1000 10
Tchaikovsky

Todd
    $1000 17
the Colorado

Polly
    $1000 14
BĂ©arnaise

Eric
    $1000 29
Zeus

Eric
    $1000 25
Jomo Kenyatta

Todd
    $1000 19
the Philistines

Polly

Scores at the end of the Double Jeopardy! Round:

Todd Eric Polly
$10,500 $2,800 $9,700

[wagering suggestions for these scores]

Final Jeopardy! Round responses

EUROPEAN NOVELS
EricWhat is Ulysses
$0
PollyWhat is Ulysses?
$9,699
ToddWhat is Ulysses?
$8,901
Ulysses

Final scores:

Todd Eric Polly
$19,401 $2,800 $19,399
3-day champion: $28,200 3rd place: Cazal sunglasses & sport systems + NES & games 2nd place: a trip for 2 to Honolulu

Game dynamics:

Coryat scores:

Todd Eric Polly
$10,300 $3,800 $8,300
26 R
(including 1 DD),
1 W
9 R,
4 W
(including 1 DD)
21 R
(including 1 DD),
2 W

Combined Coryat: $22,400

[game clues] [game scores] [suggest correction]

Game tape date: 1991-10-21
The J! Archive is created by fans, for fans. Scraping, republication, monetization, and malicious use prohibited; this site may use cookies and collect identifying information. See terms. The Jeopardy! game show and all elements thereof, including but not limited to copyright and trademark thereto, are the property of Jeopardy Productions, Inc. and are protected under law. This website is not affiliated with, sponsored by, or operated by Jeopardy Productions, Inc. Join the discussion at JBoard.tv.